[Event "Online Olym Div2 D"]
[Site "Chess.com INT"]
[Date "2021.09.04"]
[Round "9.4"]
[White "Borisek, Jure"]
[Black "Verhoef, Jan Meyer"]
[Result "1-0"]
[WhiteElo "2591"]
[BlackElo "1541"]
[PlyCount "47"]
[EventDate "2021.09.02"]
[EventType "team (rapid)"]
[EventRounds "9"]
[EventCountry "USA"]
[SourceTitle "CBM 204 Extra"]
[Source "ChessBase"]
[SourceDate "2021.11.30"]
[SourceVersion "1"]
[SourceVersionDate "2021.11.30"]
[SourceQuality "1"]
[WhiteTeam "Slovenia"]
[BlackTeam "South Africa"]
[WhiteTeamCountry "SLO"]
[BlackTeamCountry "RSA"]

1. e4 e5 2. Nf3 Nc6 3. Bc4 Nf6 4. d3 h6 5. c3 Be7 6. 0-0 0-0 7. Re1 d6 8. h3 Be6 9. Bxe6 fxe6 10. Nbd2 Nh5 11. Nf1 Nf4 12. d4 exd4 13. cxd4 e5 14. Ng3 Bh4 15. Nf5 Rxf5 16. exf5 Qf6 17. Bxf4 exf4 18. Qb3+ d5 19. Nxh4 Qxh4 20. Qxb7 Rb8 21. Qxc6 Rxb2 22. Qe8+ Kh7 23. Qg6+ Kg8 24. Re8# 1-0